000 02109nam a22002417a 4500
001 6607
003 FISKH
005 20250516105633.0
008 250513b cb ||||| |||| 00| 0 eng d
040 _aFISKH
_bkhr
_cFISKH
_dFISKH
082 _a800
100 _aUk , Oukha Vongsa Tebdey
245 _aរឿងស័ង្ខសិល្បជ័យ /
_cឧកញ្ញ៉ាវង្សាធិបតី អ៊ុក
260 _aភ្នំពេញ :
_bលាងគីំម ,
_c២០១៤​ .
300 _a92 pages :
_billustrations ;
_c21 cm .
520 _aសង្ខ័សិល្បជ័យ ជារឿងនិទានបុរាណខ្មែរ ដែលមានលក្ខណៈជារឿងព្រេងបែបពុទ្ធសាសនានិងទស្សនៈខ្មែរបុរាណ។ រឿងនេះសម្បូរទៅដោយខ្នាតនៃគុណធម៌ សេចក្ដីស្រឡាញ់ ការលះបង់ខ្លួន និងជំនឿលើបរិសុទ្ធភាពនៃសតិវិនិច្ឆ័យ។ រឿងនេះជារឿងដែលមានតម្លៃអប់រំខ្ពង់ខ្ពស់ ហើយត្រូវបានយកទៅសម្ដែងជាល្ខោន និងសៀវភៅអប់រំក្នុងសាលារៀនយ៉ាងទូលំទូលាយ។
520 _aSangkh Silap Chai is an ancient Khmer folktale characterized by elements of Buddhist storytelling and traditional Khmer philosophy. The story is rich in themes of virtue, love, self-sacrifice, and a deep belief in the purity of judgment. It is a highly educational tale that has been widely adapted into theatrical performances and used as a teaching resource in schools.
650 _aស័ង្ខសិល្បជ័យ​
_vអក្សរសិល្ប៏បុរាណ
650 _aSang sil chey
_vKhmer folktale
700 _aអុឺង លាងគីម​
_eអ្នករៀបរៀង​
942 _2ddc
_cKHB
_n0
999 _c6607
_d6607